| 000 | 00942nam a2200229Ii 4500 | ||
|---|---|---|---|
| 003 | JO-AjNU | ||
| 008 | 230605s9999||||xx |||||||||||||| ||und|| | ||
| 017 | _a2006/8/2123 | ||
| 020 | _a9957-32-279-6 | ||
| 040 |
_aJO-AjNU _bara _erda _cJO-AjNU |
||
| 041 | _aara | ||
| 050 | 1 | 4 | _aT58.6.N3434 2007 |
| 100 | 3 |
_aالنجار، فايز جمعة صالح, _eauthor _957171 |
|
| 245 | 0 | 0 | _aنظم المعلومات الإدارية = (MIS) Management Information Systems |
| 250 | _aط2/مزيدة ومنقحة ومحكمة علميا | ||
| 264 | 3 | 1 | _aعمان: دار الحامد للنشر والتوزيع، 2007 |
| 300 |
_a407ص _bالمراجع العربية والاجنبية ص 359-370 ؛ مسرد المصطلحات ص 371-406 |
||
| 336 |
_atext _btxt _2rdacontent |
||
| 337 |
_aunmediated _bn _2rdamedia |
||
| 338 |
_avolume _bnc _2rdacarrier |
||
| 650 | 4 |
_aالمعلومات الادارية- ادارة الاعمال _957172 |
|
| 999 |
_aA25603 _c29171 _d29171 |
||